LEADER 00896nam a2200217 i 4500 001 000000072572 003 CaOOAMICUS 005 20090402000000.0 008 090402s1950 it u000 u ita u 013 $a43744 040 $aSeMil$bita 100 1 $aMontessori, Maria,$d<1870-1952>.$0(OLS)http://semarc/name/35934 245 13$aIl segreto dell'infanzia /$cMaria Montessori. 260 $a[Milano] :$bGarzanti,$c1950$e(Cernusco sul Naviglio :$fTip. La Lampada,$g1950) 300 $aXV, 305 p. ;$c22 cm. 650 4$aEducazione.$0(OLS)http://semarc/subject/204 650 4$aFanciulli - Pedagogia evolutiva.$0(OLS)http://semarc/subject/14623 850 $aSeMil 852 $aSeMil$W1$xVenegono$y1$m2Q I 425$j38725$B38725$CSeMilBibl$Z2$F38728 $81 996 $6245$aIl segreto dell'infanzia$9(OLS)http://semarc/title/117064 996 $6260$a[Milano] :$bGarzanti$9(OLS)http://semarc/publisher/31829 LEADER 00812nam a2200193 i 4500 001 000000243390 003 CaOOAMICUS 005 20150702000000.0 008 150702s1758 it u000 u ita u 013 $a222295 026 $a21di doi- i-va zain (3) 1758 (R) 040 $aSeMil$bita 245 10$aTomo 3. 300 $a[4], 276 [i.e. 268] p. 500 $aSegn. : pg2 A-Q8 R6. - Saltate nella num. le p. 176-185. 773 0 $aGiacco, Bernardo Maria$tOrazioni sacre di frate Bernardo Maria Giacco di Napoli cappuccino. Tomo 1. [-3.].$bEdizione quarta veneta. Accresciuta di nuove aggiunte.$dIn Venezia : Appresso Antonio Bortoli, 1758.$g3$w()32147 850 $aSeMil 852 $aSeMil$W1$xVenegono$y1$m3F III 149 FA$j193736$B193736$CSeMilBibl$Z2$F204460 $8I 996 $6245$aTomo 3$9(OLS)http://semarc/title/53129